000 01099nam a2200301Ia 4500
001 027926
008 221003m2004 xx 000 0 spa d
035 _aCENDO_18904
041 _aspa
111 2 _aDIA INTERNACIONAL DE LA ELIMINACION DE LA VIOLENCIA CONTRA LA MUJER
_d2004
_918869
245 0 _a<[>Resolución del] 25 de noviembre :
_bDía Internacional para la Eliminación de la Violencia contra la Mujer [2004] /
_cSecretaría Confederal de la Mujer de CCOO
260 _a[S.l.] :
_bSecretaría Confederal de la Mujer,
_c2004
300 _a1 p.
650 _aMUJERES
_9199
650 0 _aVIOLENCIA
_92442
650 0 _aIGUALDAD DE OPORTUNIDADES
_9590
650 0 _aDIA INTERNACIONAL DE LA ELIMINACION DE LA VIOLENCIA CONTRA LA MUJER
_910927
650 0 _aACTITUD SINDICAL
_961
650 _aCCOO
_960
710 2 _aCCOO
_bConfederación Sindical
_bSecretaría de la Mujer
_9398
856 _zPDF
_uhttp://docpublicos.ccoo.es/cendoc/027926Resolucion25deNoviembre2004.pdf
901 _a2
903 _aNO
904 _a000
910 _a2004
942 _cDOCU_ELEC
_2ddc
999 _c18903
_d18903